| 000 | 00790nam a2200181Ia 4500 | ||
|---|---|---|---|
| 008 | 100920s9999 xx 000 0 und d | ||
| 082 |
_b5643 _a930 थ 56 |
||
| 100 | _aजाधव वि. तु. | ||
| 245 | _aमहाराष्ट्राचा महार भाग-1 प्राचीन इतिहास. | ||
| 260 |
_bउषाभारती प्रकाशन, मुंबई. _c1956 |
||
| 300 |
_a42 _bसाधी |
||
| 365 | _b0.5 | ||
| 520 | _aइतिहास. | ||
| 630 | _aमहाराष्ट्राचा महार भाग-1 प्राचीन इतिहास. | ||
| 650 | _aइतिहास. | ||
| 730 | _aमहाराष्ट्राचा महार भाग-1 प्राचीन इतिहास. | ||
| 942 | _cBOOK | ||
| 999 |
_c674512 _d674509 |
||